<?xml version="1.0" encoding="UTF-8"?>
<record
    xmlns:xsi="http://www.w3.org/2001/XMLSchema-instance"
    xsi:schemaLocation="http://www.loc.gov/MARC21/slim http://www.loc.gov/standards/marcxml/schema/MARC21slim.xsd"
    xmlns="http://www.loc.gov/MARC21/slim">

  <leader>01350    a2200145   4500</leader>
  <controlfield tag="003">OSt</controlfield>
  <controlfield tag="005">20260206144403.0</controlfield>
  <controlfield tag="008">260206b        |||||||| |||| 00| 0 eng d</controlfield>
  <datafield tag="100" ind1=" " ind2=" ">
    <subfield code="a">&#x939;&#x930;&#x92E; &#x928;&#x902;.</subfield>
    <subfield code="9">216660</subfield>
  </datafield>
  <datafield tag="245" ind1=" " ind2=" ">
    <subfield code="a">&#x92A;&#x939;&#x93F;&#x932;&#x94D;&#x92F;&#x93E; &#x92D;&#x93E;&#x930;&#x924;&#x940;&#x92F; &#x92E;&#x939;&#x93F;&#x932;&#x93E; &#x936;&#x93E;&#x938;&#x94D;&#x924;&#x94D;&#x930;&#x91C;&#x94D;&#x91E; &#x921;&#x949; &#x915;&#x92E;&#x932;&#x93E; &#x938;&#x94B;&#x939;&#x94B;&#x928;&#x940; </subfield>
  </datafield>
  <datafield tag="260" ind1=" " ind2=" ">
    <subfield code="b">&#x92D;&#x93E;&#x930;&#x924;&#x940;&#x92F;  &#x935;&#x93F;&#x91A;&#x93E;&#x930;  &#x938;&#x93E;&#x927;&#x928;&#x93E;  &#x92A;&#x94D;&#x930;&#x915;&#x93E;&#x936;&#x928; </subfield>
    <subfield code="c">2017</subfield>
    <subfield code="a">&#x92A;&#x941;&#x923;&#x947;</subfield>
  </datafield>
  <datafield tag="300" ind1=" " ind2=" ">
    <subfield code="a">82pp.</subfield>
  </datafield>
  <datafield tag="520" ind1=" " ind2=" ">
    <subfield code="a">&#x939;&#x947; &#x92E;&#x94B;&#x920;&#x94D;&#x92F;&#x93E; &#x906;&#x935;&#x93E;&#x91C;&#x93E;&#x924; &#x910;&#x915;&#x93E;
&#x915;&#x92E;&#x932;&#x93E; &#x938;&#x94B;&#x939;&#x94B;&#x928;&#x940; (18 &#x91C;&#x942;&#x928; 1911 - 28 &#x91C;&#x942;&#x928; 1998) &#x90F;&#x915; &#x92D;&#x93E;&#x930;&#x924;&#x940;&#x92F; &#x92C;&#x93E;&#x92F;&#x94B;&#x915;&#x947;&#x92E;&#x93F;&#x938;&#x94D;&#x91F; &#x939;&#x94B;&#x924;&#x94D;&#x92F;&#x93E; &#x91C;&#x94D;&#x92F;&#x93E; 1939 &#x92E;&#x927;&#x94D;&#x92F;&#x947; &#x935;&#x948;&#x91C;&#x94D;&#x91E;&#x93E;&#x928;&#x93F;&#x915; &#x935;&#x93F;&#x937;&#x92F;&#x93E;&#x924; &#x92A;&#x940;&#x90F;&#x91A;&#x921;&#x940; &#x92E;&#x93F;&#x933;&#x935;&#x923;&#x93E;&#x931;&#x94D;&#x92F;&#x93E; &#x92A;&#x939;&#x93F;&#x932;&#x94D;&#x92F;&#x93E; &#x92D;&#x93E;&#x930;&#x924;&#x940;&#x92F; &#x92E;&#x939;&#x93F;&#x932;&#x93E; &#x920;&#x930;&#x932;&#x94D;&#x92F;&#x93E;. &#x924;&#x93F;&#x928;&#x947; &#x92D;&#x93E;&#x930;&#x924;&#x940;&#x92F; &#x935;&#x93F;&#x91C;&#x94D;&#x91E;&#x93E;&#x928; &#x938;&#x902;&#x938;&#x94D;&#x925;&#x93E; , &#x92C;&#x947;&#x902;&#x917;&#x933;&#x941;&#x930;&#x942; &#x92F;&#x947;&#x925;&#x947; &#x938;&#x94D;&#x935;&#x940;&#x915;&#x93E;&#x930;&#x932;&#x94D;&#x92F;&#x93E; &#x906;&#x923;&#x93F; &#x915;&#x93E;&#x92E; &#x915;&#x947;&#x932;&#x94D;&#x92F;&#x93E;&#x92E;&#x941;&#x933;&#x947;, &#x938;&#x902;&#x938;&#x94D;&#x925;&#x947;&#x91A;&#x94D;&#x92F;&#x93E; &#x907;&#x924;&#x93F;&#x939;&#x93E;&#x938;&#x93E;&#x924; &#x92A;&#x94D;&#x930;&#x925;&#x92E;&#x91A; &#x92E;&#x939;&#x93F;&#x932;&#x93E;&#x902;&#x928;&#x93E; &#x938;&#x902;&#x938;&#x94D;&#x925;&#x947;&#x92E;&#x927;&#x94D;&#x92F;&#x947; &#x938;&#x94D;&#x935;&#x940;&#x915;&#x93E;&#x930;&#x923;&#x94D;&#x92F;&#x93E;&#x91A;&#x93E; &#x92E;&#x93E;&#x930;&#x94D;&#x917; &#x92E;&#x94B;&#x915;&#x933;&#x93E; &#x91D;&#x93E;&#x932;&#x93E;.</subfield>
  </datafield>
  <datafield tag="942" ind1=" " ind2=" ">
    <subfield code="c">BK</subfield>
    <subfield code="2">ddc</subfield>
  </datafield>
  <datafield tag="999" ind1=" " ind2=" ">
    <subfield code="c">370066</subfield>
    <subfield code="d">370066</subfield>
  </datafield>
  <datafield tag="952" ind1=" " ind2=" ">
    <subfield code="0">0</subfield>
    <subfield code="1">0</subfield>
    <subfield code="2">ddc</subfield>
    <subfield code="4">0</subfield>
    <subfield code="7">0</subfield>
    <subfield code="8">MCA</subfield>
    <subfield code="a">001</subfield>
    <subfield code="b">001</subfield>
    <subfield code="d">2026-01-31</subfield>
    <subfield code="e">188</subfield>
    <subfield code="g">84.00</subfield>
    <subfield code="l">0</subfield>
    <subfield code="p">KBJP-BK-2939</subfield>
    <subfield code="r">2026-01-31 00:00:00</subfield>
    <subfield code="v">120.00</subfield>
    <subfield code="w">2026-01-31</subfield>
    <subfield code="y">BK</subfield>
    <subfield code="z">2939</subfield>
  </datafield>
</record>
